Contemporary business law: principles and cases

Guardado en:
Detalles Bibliográficos
Autores principales: Hoeber, Ralph C (Autor), Reitzel, J. David (Autor), Roberts, Nathan J (Autor), Lyden, Donald P (Autor), Severance, Gordon B (Autor)
Formato: Libro
Lenguaje:inglés
Publicado: Nueva York McGraw Hill Book 1980
Materias:
Etiquetas: Agregar Etiqueta
Sin Etiquetas, Sea el primero en etiquetar este registro!

MARC

LEADER 00000nam a2200000 a 4500
001 UCT7576
003 CL-VaPUC
008 970123e19800000US |||||||||||||||||eng|d
082 0 4 |a 340.08  |b HOE  |2 21 
100 0 |a Hoeber, Ralph C  |e author  |9 378580 
700 0 |a Reitzel, J. David  |e author  |9 378581 
700 0 |a Roberts, Nathan J  |e author  |9 378582 
700 0 |a Lyden, Donald P  |e author  |9 378583 
700 0 |a Severance, Gordon B  |e author  |9 378584 
245 1 0 |a Contemporary business law: principles and cases 
300 |a 1139 p 
942 |c BK 
945 |d 19970123 00:00:00  |a nastorga 
260 |a Nueva York  |b McGraw Hill Book  |c 1980 
650 0 |a Derecho comercial   |9 256340 
650 0 |a Empresas   |9 255569 
650 0 |a Costos   |9 261063 
650 0 |a Derecho civil  |9 255013 
650 0 |a Contratos  |9 255153 
650 0 |a Propiedad   |9 255268 
583 |a last modification  |c 20170504 03:56:59  |k Rodrigo Vera 
999 |c 256152  |d 256150 
952 |0 0  |1 0  |4 0  |6 340_080000000000000_HOE_1980  |7 0  |8 P  |9 278725  |a BIBGIM  |b BIBGIM  |d 2019-11-19  |i 327859K  |o 340.08 HOE 1980  |p 327859K  |r 2025-01-15  |w 2019-11-19  |y BK  |k COM